[Event "Befana SSM B"]
[Site "Milano ITA"]
[Date "2014.01.06"]
[Round "7"]
[White "Lavorgna, Francesco"]
[Black "Cavalieri, Riccardo"]
[WhiteElo "1598"]
[BlackElo "1576"]
[Result "1/2-1/2"]
[PlyCount "67"]
[EventDate "2014.01.02"]

1. d4 Nf6 2. c4 g6 3. f3 d5 4. cxd5 Nxd5 5. e4 Nb6 6. Nc3 Bg7 7. Be3 O-O 8. Qd2
e6 9. O-O-O Qe7 10. Bd3 N6d7 11. Nge2 b6 12. h4 Bb7 13. g4 c5 14. Rdg1 Ba6 15.
h5 cxd4 16. Bxd4 e5 17. Be3 Bxd3 18. Qxd3 Nc5 19. Qd5 Qe6 20. Qxa8 Nc6 21.
Qxf8+ Bxf8 22. hxg6 fxg6 23. Rd1 Nb4 24. Bxc5 Bxc5 25. Kb1 Qf7 26. a3 Nc6 27.
Rd3 Na5 28. Rhd1 Bxa3 29. Rd8+ Bf8 30. R1d7 Qxf3 31. Nd5 Qxe4+ 32. Ka1 Qa4+ 33.
Kb1 Qe4+ 34. Ka1 1/2-1/2

[Event "Befana SSM B"]
[Site "Milano ITA"]
[Date "2014.01.06"]
[Round "7"]
[White "Libutti, Michele"]
[Black "Pirrello, Christian"]
[WhiteElo "1727"]
[BlackElo "1641"]
[Result "0-1"]
[PlyCount "52"]
[EventDate "2014.01.02"]

1. d4 Nf6 2. c4 g6 3. Nc3 Bg7 4. e4 d6 5. Nf3 O-O 6. Be2 e5 7. O-O Nc6 8. d5
Ne7 9. Ne1 Ne8 10. Be3 f5 11. f3 f4 12. Bf2 g5 13. c5 Rf6 14. Rc1 h5 15. Nd3
Rg6 16. cxd6 cxd6 17. Nb5 g4 18. a4 a6 19. Na3 g3 20. hxg3 fxg3 21. Be3 Nxd5
22. exd5 Qh4 23. Re1 Qh2+ 24. Kf1 Qh1+ 25. Bg1 Bh3 26. Nf4 exf4 0-1

[Event "Befana SSM B"]
[Site "Milano ITA"]
[Date "2014.01.06"]
[Round "7"]
[White "Lipari, Alberto"]
[Black "Murli, Almerico"]
[WhiteElo "1535"]
[BlackElo "1804"]
[Result "0-1"]
[PlyCount "114"]
[EventDate "2014.01.02"]

1. c4 g6 2. d4 Bg7 3. Nf3 Nf6 4. Nc3 O-O 5. h3 d6 6. Bf4 Nbd7 7. e3 a6 8. a4 b6
9. b4 Bb7 10. Be2 Qe8 11. O-O e5 12. dxe5 dxe5 13. Bh2 Qe7 14. Qb3 Ne4 15. Nxe4
Bxe4 16. Nd2 Bb7 17. Rad1 a5 18. b5 Nc5 19. Qa2 Rad8 20. Nb3 Nxb3 21. Qxb3 Kh8
22. Bd3 Qg5 23. Bg3 f5 24. Be2 f4 25. exf4 exf4 26. h4 Qf6 27. Rxd8 Rxd8 28.
Bh2 Qxh4 29. Bf3 Bxf3 30. Qxf3 Be5 31. Re1 Qf6 32. Qe4 Rd4 33. Qa8+ Qd8 34. Qf3
Rxc4 35. Rd1 Rd4 36. Rxd4 Qxd4 37. g3 Qa1+ 38. Kg2 Qxa4 39. gxf4 Bd6 40. Qg4
Qxb5 41. Qh4 Kg7 42. Qg4 a4 43. f5 Qxf5 44. Qd4+ Qf6 45. Qxa4 Bxh2 46. Qd7+ Kh6
47. Qh3+ Kg7 48. Qd7+ Kf8 49. Qc8+ Ke7 50. Kxh2 Qxf2+ 51. Kh1 Qf1+ 52. Kh2 Qf4+
53. Kh1 b5 54. Qh8 Qe4+ 55. Kh2 b4 56. Qxh7+ Kd6 57. Qg7 Qe5+ 0-1

[Event "Befana SSM B"]
[Site "Milano ITA"]
[Date "2014.01.06"]
[Round "7"]
[White "Manzotti, Francesco"]
[Black "Colonetti, Fabio"]
[WhiteElo "1777"]
[BlackElo "1475"]
[Result "1-0"]
[PlyCount "63"]
[EventDate "2014.01.02"]

1. e4 Nf6 2. e5 Nd5 3. d4 d6 4. c4 Nb6 5. exd6 cxd6 6. Nc3 g6 7. Be3 Bg7 8. Rc1
O-O 9. b3 e5 10. dxe5 dxe5 11. Qxd8 Rxd8 12. c5 N6d7 13. Bc4 Nf6 14. Nb5 Ne8
15. Nf3 a6 16. Nc3 h6 17. O-O Bg4 18. Nh4 Nc6 19. h3 Bd7 20. Nxg6 Nf6 21. Nh4
Rac8 22. Na4 Ne7 23. Nb6 Rc7 24. Rcd1 Nc6 25. Rd6 Ne8 26. Rd2 Nf6 27. Rfd1 Nb8
28. Nf5 h5 29. Bg5 Bh8 30. f3 Kf8 31. Nh6 Bg7 32. Nxf7 1-0

[Event "Befana SSM B"]
[Site "Milano ITA"]
[Date "2014.01.06"]
[Round "7"]
[White "Marchioro, Luigi"]
[Black "Giaretta, Fulvio"]
[WhiteElo "1872"]
[BlackElo "1533"]
[Result "1/2-1/2"]
[PlyCount "29"]
[EventDate "2014.01.02"]

1. e4 e5 2. Nf3 Nc6 3. Bb5 a6 4. Bxc6 dxc6 5. O-O f6 6. d4 exd4 7. Nxd4 Bd6 8.
Nf5 Bxf5 9. exf5 Qd7 10. Re1+ Ne7 11. Qh5+ g6 12. fxg6 O-O-O 13. g7 Rhg8 14.
Nc3 Rxg7 15. Bh6 1/2-1/2

[Event "Befana SSM B"]
[Site "Milano ITA"]
[Date "2014.01.06"]
[Round "7"]
[White "Mazzoccoli, Simone"]
[Black "Croso, Marco"]
[WhiteElo "1766"]
[BlackElo "1861"]
[Result "0-1"]
[PlyCount "120"]
[EventDate "2014.01.02"]

1. e4 c5 2. Nc3 Nc6 3. g3 d6 4. Bg2 e5 5. d3 Be7 6. Nge2 Bg4 7. h3 Bd7 8. O-O
Qc8 9. Kh2 Nf6 10. Be3 h5 11. f4 h4 12. f5 hxg3+ 13. Nxg3 Nd4 14. Bxd4 cxd4 15.
Nd5 Nxd5 16. exd5 Bg5 17. Ne4 Be7 18. Qf3 f6 19. Rf2 Qc7 20. Qg3 Bf8 21. Qg6+
Ke7 22. Ng5 Be8 23. Ne6 Bxg6 24. Nxc7 Rc8 25. Ne6 Bf7 26. Rc1 g6 27. Nxf8 Rhxf8
28. c4 dxc3 29. Rxc3 g5 30. Rfc2 Kd7 31. Kg3 Rxc3 32. bxc3 Rh8 33. Rb2 Kc7 34.
Rb4 a5 35. Rb2 Be8 36. c4 Bd7 37. Be4 b6 38. Rb1 Rh4 39. Rf1 Kb7 40. Rb1 Rf4
41. Rd1 Bxf5 42. Bxf5 Rxf5 43. a4 Rf4 44. Kg2 f5 45. Kg3 e4 46. d4 Rf3+ 47. Kg2
f4 48. Re1 Rg3+ 49. Kh2 e3 50. Re2 Kc7 51. Rb2 Kd7 52. Rc2 g4 53. hxg4 Rxg4 54.
Re2 Ke7 55. Kh3 Rg3+ 56. Kh2 Kf6 57. Rc2 Kf5 58. Rb2 Rg6 59. Rxb6 e2 60. Rb1 f3
0-1

[Event "Befana SSM B"]
[Site "Milano ITA"]
[Date "2014.01.06"]
[Round "7"]
[White "Neri, Angelo"]
[Black "Aloe, Giancarlo"]
[WhiteElo "1894"]
[BlackElo "1719"]
[Result "1-0"]
[PlyCount "120"]
[EventDate "2014.01.02"]

1. e4 c5 2. Nf3 e6 3. d4 cxd4 4. Nxd4 Nf6 5. Nc3 a6 6. f3 Nc6 7. Nxc6 bxc6 8.
Be3 Qc7 9. Be2 d5 10. O-O Bd6 11. h3 O-O 12. Bf2 Nh5 13. Bd3 Bb7 14. Re1 f5 15.
exf5 exf5 16. Qd2 Bf4 17. Qe2 Rae8 18. Qxe8 Rxe8 19. Rxe8+ Kf7 20. Rae1 Bd6 21.
Bxf5 g6 22. Bg4 Nf6 23. R8e2 c5 24. b3 Qa5 25. Na4 d4 26. Be6+ Kg7 27. Bc4 Bd5
28. Nb2 Qa3 29. Bxd5 Qxb2 30. Bc4 Qxa2 31. c3 Qa5 32. cxd4 Nh5 33. Re6 Bg3 34.
Bxg3 Nxg3 35. Re7+ Kh6 36. Bg8 Nf5 37. Rxh7+ Kg5 38. h4+ Nxh4 39. Rhe7 Nf5 40.
R7e5 Qd8 41. Bc4 cxd4 42. g4 d3 43. gxf5 Qd4+ 44. Kg2 d2 45. f6+ Kxf6 46. Re6+
Kf5 47. Rd1 a5 48. Re2 a4 49. Rexd2 Qc3 50. Rd5+ Kf6 51. Rd6+ Ke5 52. Re6+ Kf4
53. Re4+ Kg5 54. Rd5+ Kf6 55. Rf4+ Kg7 56. Rd7+ Kh6 57. Rh4+ Kg5 58. Rg4+ Kf6
59. Rf7+ Ke5 60. Re4+ Kd6 1-0

[Event "Befana SSM B"]
[Site "Milano ITA"]
[Date "2014.01.06"]
[Round "7"]
[White "Pasini, Nicolo'"]
[Black "Ragoso, Mario"]
[WhiteElo "1434"]
[BlackElo "1633"]
[Result "1-0"]
[PlyCount "129"]
[EventDate "2014.01.02"]

1. e4 e5 2. Nf3 Nc6 3. d4 exd4 4. Nxd4 Bc5 5. Be3 Qf6 6. c3 a6 7. Bc4 Ne5 8.
Bb3 d6 9. Nd2 Ng4 10. Qe2 Nxe3 11. Qxe3 Ne7 12. O-O O-O 13. Bc2 Nc6 14. N2b3
Ba7 15. Qd3 Ne5 16. Qe2 Bg4 17. f3 Bh5 18. Kh1 Rfd8 19. Nf5 d5 20. Ng3 Qh4 21.
exd5 Re8 22. Qe4 Qxe4 23. Bxe4 Bg6 24. Bxg6 Nxg6 25. Rfe1 Ne5 26. Re4 Nd3 27.
Rxe8+ Rxe8 28. Rb1 Be3 29. Ne4 f5 30. Ng3 g6 31. Ne2 Bb6 32. Ned4 Kf7 33. Kg1
Re2 34. c4 Rxb2 35. Rxb2 Nxb2 36. c5 Ba7 37. Ne6 h5 38. Nd8+ Ke7 39. Nxb7 Nd3
40. Kf1 Nb4 41. d6+ cxd6 42. cxd6+ Kd7 43. a3 Nc6 44. N7c5+ Kxd6 45. Nxa6 Bb6
46. Ke2 Kd5 47. Kd3 f4 48. Nb4+ Nxb4+ 49. axb4 Bg1 50. h3 Ke5 51. Kc4 Ba7 52.
Na5 Bg1 53. Nc6+ Kf5 54. b5 Bb6 55. Kd5 Kg5 56. Nd4 Kh4 57. Ne2 Kg5 58. Kc6 Bd8
59. b6 Bf6 60. b7 Be5 61. Kd7 Kf5 62. Kc8 Ke6 63. b8=Q Bxb8 64. Kxb8 Kd5 65.
Nxf4+ 1-0

[Event "Befana SSM B"]
[Site "Milano ITA"]
[Date "2014.01.06"]
[Round "7"]
[White "Pedroni, Marco"]
[Black "Corti, Filippo"]
[WhiteElo "1850"]
[BlackElo "1599"]
[Result "1/2-1/2"]
[PlyCount "184"]
[EventDate "2014.01.02"]

1. e4 c6 2. d4 d5 3. Nc3 dxe4 4. Nxe4 Bf5 5. Ng3 Bg6 6. Nf3 Nd7 7. Bd3 Bxd3 8.
Qxd3 Qc7 9. Be3 e6 10. O-O-O Ngf6 11. Kb1 O-O-O 12. Ng5 Nb6 13. N3e4 Nfd5 14.
Qe2 h6 15. Nh3 f5 16. Nc5 Bxc5 17. dxc5 Na4 18. Qc4 b5 19. cxb6 Naxb6 20. Qa6+
Qb7 21. Qxb7+ Kxb7 22. Bd4 Rhg8 23. Kc1 Rde8 24. Rhe1 Nd7 25. c4 N5b6 26. Bc3
Kc7 27. Ba5 Kb7 28. b3 e5 29. Rd2 e4 30. Bc3 g5 31. Rde2 Nc5 32. Kc2 Nd3 33.
Rf1 f4 34. Ng1 g4 35. f3 gxf3 36. gxf3 Nc5 37. fxe4 Nxe4 38. Nh3 Nxc3 39. Rxe8
Rxe8 40. Rxf4 Nxa2 41. Rf2 c5 42. Rd2 Nb4+ 43. Kb2 a5 44. Nf4 a4 45. Nd5 N6xd5
46. cxd5 Kc7 47. bxa4 Rd8 48. Rg2 Rxd5 49. Kc3 Kc6 50. Rg6+ Rd6 51. Rg2 Rd3+
52. Kc4 Rd4+ 53. Kb3 h5 54. Rg6+ Rd6 55. Rg5 h4 56. Kc4 Rd4+ 57. Kb3 Kb6 58.
Rg8 Nc6 59. Rg6 Kc7 60. Rg7+ Rd7 61. Rg5 Kb6 62. Rg6 Kc7 63. Rg5 Kb6 64. Rg6
Rd3+ 65. Kc4 Rd4+ 66. Kb3 Kc7 67. Rg7+ Kd6 68. Rg6+ Kd5 69. Rg5+ Ne5 70. a5
Rb4+ 71. Ka3 Rb7 72. Rh5 Ra7 73. Rxh4 Rxa5+ 74. Kb3 c4+ 75. Kb4 Nc6+ 76. Kc3
Ra3+ 77. Kb2 Rb3+ 78. Kc1 Nd4 79. Rh8 Ke4 80. Rh4+ Kd5 81. Rh5+ Ke4 82. Rh4+
Kd3 83. Rh3+ Ke2 84. Rxb3 Nxb3+ 85. Kc2 Na5 86. h4 Nc6 87. h5 Ne7 88. h6 Ng6
89. Kc3 Kf3 90. Kxc4 Ke4 91. Kc5 Ke5 92. Kc6 Ke6 1/2-1/2

[Event "Befana SSM B"]
[Site "Milano ITA"]
[Date "2014.01.06"]
[Round "7"]
[White "Riboldi, Raffaele"]
[Black "Rossini, Fulvio"]
[WhiteElo "1895"]
[BlackElo "1766"]
[Result "0-1"]
[PlyCount "70"]
[EventDate "2014.01.02"]

1. d4 Nf6 2. c4 g6 3. Nc3 Bg7 4. e4 d6 5. Nge2 b6 6. Ng3 Nbd7 7. Be2 e5 8. d5
a5 9. h4 h5 10. Bg5 Nc5 11. a3 a4 12. Rb1 Bd7 13. O-O Qc8 14. f3 Nh7 15. Qd2
Nxg5 16. hxg5 Qd8 17. Bd1 h4 18. Nh1 f5 19. exf5 Bxf5 20. Rc1 Nd3 21. Bxa4+
Rxa4 22. Nxa4 Nf4 23. Rf2 Qxg5 24. Kf1 Qg3 25. Nxg3 hxg3 26. Kg1 gxf2+ 27. Qxf2
Nd3 28. Qf1 Bh6 29. Re1 Bf4 30. g4 Bh2+ 31. Kg2 Nf4+ 32. Kf2 Bd3 33. Rxe5+ dxe5
34. Qc1 Bg1+ 35. Ke1 Be3 0-1

[Event "Befana SSM B"]
[Site "Milano ITA"]
[Date "2014.01.06"]
[Round "7"]
[White "Rinaldo, Andrea"]
[Black "Baronio, Gaia"]
[WhiteElo "1748"]
[BlackElo "1613"]
[Result "1-0"]
[PlyCount "85"]
[EventDate "2014.01.02"]

1. e4 c6 2. d4 d5 3. Nc3 dxe4 4. Nxe4 Bf5 5. Ng3 Bg6 6. Nf3 Nd7 7. Bd3 Bxd3 8.
Qxd3 e6 9. O-O Ngf6 10. c4 Be7 11. Bg5 O-O 12. Rad1 Re8 13. a3 Qc7 14. Rfe1
Rad8 15. Re2 h6 16. Bc1 Nf8 17. b4 Ng6 18. Qb3 a6 19. a4 b5 20. Rc2 Qb7 21.
axb5 axb5 22. c5 Nd5 23. Ne4 Qc7 24. Be3 Ra8 25. Nc3 Nxc3 26. Qxc3 Bf6 27. Ra1
Qb7 28. Rca2 Ne7 29. Ne1 Nd5 30. Qb2 Rxa2 31. Rxa2 Ra8 32. Nd3 Nc7 33. Nc1 Nd5
34. Nd3 Nc7 35. Nf4 Rxa2 36. Qxa2 Qa6 37. Qa5 Qxa5 38. bxa5 Na6 39. Nd3 Bd8 40.
Bd2 Bf6 41. Bc3 Be7 42. Nb4 Nc7 43. Nxc6 1-0

[Event "Befana SSM B"]
[Site "Milano ITA"]
[Date "2014.01.06"]
[Round "7"]
[White "Rossi, Giampiero"]
[Black "Malescusi, Luciano"]
[WhiteElo "1877"]
[BlackElo "1881"]
[Result "1/2-1/2"]
[PlyCount "62"]
[EventDate "2014.01.02"]

1. d4 g6 2. c4 Bg7 3. Nc3 c5 4. e3 cxd4 5. exd4 Nf6 6. Nf3 O-O 7. Be2 d5 8.
cxd5 Nxd5 9. Qb3 Nxc3 10. bxc3 Nc6 11. O-O Na5 12. Qa3 Be6 13. Bg5 f6 14. Bf4
Nc4 15. Qb4 Na5 16. Rfe1 Bf7 17. Bf1 Rc8 18. Qxe7 Qxe7 19. Rxe7 Rxc3 20. Bd2
Ra3 21. Bxa5 Rxa5 22. Rxb7 Bd5 23. Rb5 Rxb5 24. Bxb5 Rd8 25. Rd1 Bxa2 26. Ra1
Bd5 27. Rxa7 Bxf3 28. gxf3 Rxd4 29. Rc7 Rd8 30. Bc4+ Kh8 31. Kg2 f5 1/2-1/2

[Event "Befana SSM B"]
[Site "Milano ITA"]
[Date "2014.01.06"]
[Round "7"]
[White "Santelli, Francesco"]
[Black "Alidosi, Marco"]
[WhiteElo "1798"]
[BlackElo "1775"]
[Result "0-1"]
[PlyCount "56"]
[EventDate "2014.01.02"]

1. e4 e6 2. d4 d5 3. Nc3 dxe4 4. Nxe4 Bd7 5. Nf3 Bc6 6. Bd3 Nf6 7. Qe2 Nxe4 8.
Bxe4 Bxe4 9. Qxe4 c6 10. O-O Nd7 11. Bf4 Nf6 12. Qe2 Be7 13. c4 O-O 14. a3 a5
15. Rad1 Qb6 16. Rd3 Rad8 17. Qc2 c5 18. Rb3 Qa7 19. Bc7 Rc8 20. Bb6 Qa6 21.
Rb5 cxd4 22. Nxd4 e5 23. Rxe5 Qxb6 24. Rxe7 Qxd4 25. Rxb7 Rxc4 26. Qb1 Qc5 27.
Re1 Rc2 28. h3 Qxf2+ 0-1

[Event "Befana SSM B"]
[Site "Milano ITA"]
[Date "2014.01.06"]
[Round "7"]
[White "Taccani Stella, Alberto"]
[Black "Piccapietra, Matteo"]
[WhiteElo "1380"]
[BlackElo "1464"]
[Result "0-1"]
[PlyCount "62"]
[EventDate "2014.01.02"]

1. d4 Nf6 2. e3 g6 3. Bd3 Bg7 4. c3 d6 5. Nf3 O-O 6. Nbd2 Nc6 7. O-O Re8 8. Re1
e5 9. e4 Bg4 10. d5 Ne7 11. Qb3 b6 12. h3 Bc8 13. Nf1 Nh5 14. Bb5 Rf8 15. Bg5
f6 16. Bd2 Nf4 17. Bxf4 exf4 18. Be2 g5 19. Nd4 Kh8 20. Qd1 f5 21. exf5 Nxf5
22. Nxf5 Bxf5 23. Bg4 Qd7 24. Bxf5 Qxf5 25. Re7 Rf7 26. Re2 Be5 27. Qc2 Re8 28.
Qxf5 Rxf5 29. f3 h5 30. c4 Bd4+ 31. Kh1 Rxe2 0-1

[Event "Befana SSM B"]
[Site "Milano ITA"]
[Date "2014.01.06"]
[Round "7"]
[White "Villalba, Fernando"]
[Black "Colica, Daniele"]
[WhiteElo "1856"]
[BlackElo "1698"]
[Result "1/2-1/2"]
[PlyCount "120"]
[EventDate "2014.01.02"]

1. d4 Nf6 2. Nf3 e6 3. Bf4 b6 4. e3 Bb7 5. Be2 d6 6. h3 Be7 7. c4 Nbd7 8. Nc3
O-O 9. O-O Ne4 10. Nxe4 Bxe4 11. Nd2 Bb7 12. Nf3 Bf6 13. Bh2 Qe7 14. Rc1 e5 15.
dxe5 dxe5 16. b3 Rad8 17. Qc2 Nc5 18. Qb1 Bxf3 19. Bxf3 e4 20. Bg4 Be5 21. Rcd1
Bxh2+ 22. Kxh2 Qe5+ 23. Kg1 Nd3 24. Be2 Nb2 25. Rxd8 Rxd8 26. Qc2 f5 27. Rb1
Nd3 28. Rd1 Qd6 29. Qc3 c5 30. a3 a5 31. g3 Kf7 32. Kg2 Qf6 33. Qxf6+ Kxf6 34.
Kf1 Ke7 35. Bxd3 exd3 36. f3 Kf6 37. Ke1 h5 38. Kd2 h4 39. gxh4 Rh8 40. Kxd3
Rxh4 41. Rh1 g5 42. Kc3 Ke5 43. b4 g4 44. fxg4 fxg4 45. bxc5 Rxh3 46. Rb1 bxc5
47. Kd3 g3 48. Rg1 Kf5 49. a4 Kg4 50. Ke4 Rh2 51. Rb1 Ra2 52. Rb8 Rxa4 53. Rg8+
Kh3 54. Kf3 Kh2 55. Rxg3 Rxc4 56. Rg2+ Kh1 57. Ra2 a4 58. Kg3 Rc1 59. Rxa4 Rg1+
60. Kf2 Rg2+ 1/2-1/2

[Event "V Open A Carnevale"]
[Site "Milano ITA"]
[Date "2014.03.05"]
[Round "1"]
[White "Motola, Jacopo"]
[Black "Popovich, Fabio"]
[WhiteElo "2062"]
[BlackElo "1923"]
[Result "0-1"]
[PlyCount "120"]
[EventDate "2014.03.05"]

1. Nf3 Nf6 2. g3 g6 3. Bg2 Bg7 4. O-O O-O 5. d3 d6 6. e4 c5 7. c3 Nc6 8. Re1
Rb8 9. a4 Bg4 10. h3 Bd7 11. d4 cxd4 12. cxd4 Qc8 13. Kh2 d5 14. Nc3 dxe4 15.
Ne5 Rd8 16. Be3 Be6 17. Nxc6 bxc6 18. Rb1 c5 19. d5 Nxd5 20. Nxd5 Rxd5 21. Qc2
Bxh3 22. Bxe4 Bf5 23. b4 Bxe4 24. Qxe4 Re5 25. Qf3 Rh5+ 26. Kg1 cxb4 27. Bxa7
Qb7 28. Qxb7 Rxb7 29. Be3 Ra5 30. Bd2 Rxa4 31. Re4 e6 32. Rexb4 Raxb4 33. Rxb4
Rxb4 34. Bxb4 Bd4 35. Kg2 Kg7 36. g4 Kf6 37. f3 e5 38. Ba3 Kg5 39. Be7+ Kf4 40.
Bd6 f5 41. gxf5 gxf5 42. Bc7 h5 43. Bd8 e4 44. fxe4 fxe4 45. Kh3 Bf2 46. Kg2
Be1 47. Bb6 Kg4 48. Be3 h4 49. Bc5 h3+ 50. Kh1 Bg3 51. Bb6 Kf3 52. Bc5 Bf2 53.
Bb4 Bd4 54. Kh2 Kg4 55. Bd2 Be5+ 56. Kh1 Bf4 57. Be1 e3 58. Bf2 e2 59. Be1 Kf3
60. Ba5 Ke3 0-1

[Event "V Open A Carnevale"]
[Site "Milano ITA"]
[Date "2014.03.05"]
[Round "1"]
[White "Nepi, Ezio"]
[Black "Battistella, Stefano"]
[WhiteElo "1935"]
[BlackElo "2063"]
[Result "1/2-1/2"]
[PlyCount "40"]
[EventDate "2014.03.05"]

1. d4 e6 2. c4 b6 3. g3 Bb7 4. Nf3 f5 5. Bg2 Bb4+ 6. Bd2 a5 7. O-O Nf6 8. a3
Bd6 9. Nc3 O-O 10. Bg5 h6 11. Bxf6 Qxf6 12. e4 fxe4 13. Nh4 Be7 14. Nxe4 Qf7
15. Qg4 Bxh4 16. Qxh4 Nc6 17. Nc3 Qf6 18. Qxf6 Rxf6 19. Nb5 Rc8 20. Na7 Re8
1/2-1/2

[Event "V Open A Carnevale"]
[Site "Milano ITA"]
[Date "2014.03.05"]
[Round "1"]
[White "Pelizzola, Danilo"]
[Black "Guidi, Giacomo G."]
[WhiteElo "2121"]
[BlackElo "1999"]
[Result "1-0"]
[PlyCount "67"]
[EventDate "2014.03.05"]

1. e4 c5 2. Nf3 Nc6 3. d4 cxd4 4. Nxd4 Nf6 5. Nc3 e5 6. Ndb5 d6 7. Nd5 Nxd5 8.
exd5 Nb8 9. c4 a6 10. Nc3 f5 11. Be2 Be7 12. O-O O-O 13. f4 e4 14. Be3 Nd7 15.
Na4 Rb8 16. b4 b6 17. Rc1 Bb7 18. g4 fxg4 19. Bxg4 b5 20. Be6+ Kh8 21. cxb5
axb5 22. Nc3 Nf6 23. Ne2 Bc8 24. Nd4 Qe8 25. Kh1 Bxe6 26. Nxe6 Rg8 27. Rg1 Bd8
28. Rc2 Qf7 29. Rcg2 Nh5 30. Qe2 g6 31. Nxd8 Rgxd8 32. Qxh5 Rf8 33. Bd4+ Kg8
34. Rxg6+ 1-0

[Event "V Open A Carnevale"]
[Site "Milano ITA"]
[Date "2014.03.05"]
[Round "1"]
[White "Petrone, Gianmario"]
[Black "Iudicello, Giovanni"]
[WhiteElo "2006"]
[BlackElo "2132"]
[Result "0-1"]
[PlyCount "92"]
[EventDate "2014.03.05"]

1. e4 e5 2. Nf3 Nc6 3. Bc4 Bc5 4. c3 Nf6 5. d3 O-O 6. Bb3 d6 7. O-O h6 8. Nbd2
Be6 9. h3 Bb6 10. Re1 Nh5 11. Nf1 Qf6 12. Be3 Nf4 13. Kh2 Rad8 14. Bxb6 axb6
15. Ne3 d5 16. exd5 Bxd5 17. Bxd5 Nxd5 18. Nxd5 Rxd5 19. Qe2 Rfd8 20. Rad1 Qd6
21. Kg1 f6 22. d4 exd4 23. cxd4 Nxd4 24. Nxd4 Rxd4 25. Rxd4 Qxd4 26. Qe6+ Kh7
27. Qf5+ Kh8 28. Qg6 Qd7 29. Qe4 c6 30. Qb4 b5 31. Re7 Qd1+ 32. Re1 Qd4 33. Qe7
Qd7 34. Qe4 c5 35. Qg6 b4 36. Qe4 b5 37. b3 Qc7 38. Qg6 Qc8 39. Qf7 c4 40. Re7
Rg8 41. Rc7 Qf5 42. bxc4 Qb1+ 43. Kh2 Qxa2 44. Rc5 Qxf2 45. Rxb5 Qf4+ 46. Kg1
Ra8 0-1

[Event "V Open A Carnevale"]
[Site "Milano ITA"]
[Date "2014.03.05"]
[Round "1"]
[White "Podetti, Davide"]
[Black "Darvishi, Mahmood"]
[WhiteElo "1824"]
[BlackElo "2057"]
[Result "0-1"]
[PlyCount "114"]
[EventDate "2014.03.05"]

1. e4 c5 2. Nc3 Nc6 3. f4 e6 4. Nf3 d5 5. e5 Be7 6. d3 Bd7 7. g3 Nh6 8. Bg2 Rb8
9. O-O b5 10. h3 Nf5 11. Ne2 h5 12. c3 d4 13. Qc2 Qb6 14. Kh2 a5 15. Re1 Rh6
16. Ng5 Bxg5 17. fxg5 Rh8 18. Nf4 g6 19. Qf2 Kf8 20. Be4 Ke8 21. Bxf5 gxf5 22.
g6 fxg6 23. Nxg6 Rg8 24. Nh4 Kd8 25. Bf4 Kc7 26. Nxf5 Kb7 27. Nd6+ Ka6 28. Rac1
Rbf8 29. cxd4 Nxd4 30. Ne4 Rc8 31. Be3 Rgf8 32. Nf6 Bc6 33. Bxd4 cxd4 34. Rc2
Ba8 35. Rec1 Qb7 36. Rf1 Rxc2 37. Qxc2 Rc8 38. Qf2 Rc5 39. Ne4 Rd5 40. Rc1 Qb6
41. Qf6 a4 42. Rc8 Bb7 43. Re8 Qc7 44. Rxe6+ Ka5 45. Qf4 b4 46. a3 Rb5 47. Nd2
Qc2 48. Qf2 Qxd3 49. Rd6 Rd5 50. axb4+ Kxb4 51. Rb6+ Rb5 52. Rd6 Kc5 53. Rh6
Rxb2 54. Qf8+ Kb5 55. Qe8+ Kb4 56. Rb6+ Kc3 57. Rxb2 Qe2+ 0-1

[Event "V Open A Carnevale"]
[Site "Milano ITA"]
[Date "2014.03.05"]
[Round "1"]
[White "Vezzosi, Paolo"]
[Black "Sirena, Gianni"]
[WhiteElo "2277"]
[BlackElo "2028"]
[Result "1-0"]
[PlyCount "69"]
[EventDate "2014.03.05"]

1. d4 Nf6 2. Nf3 g6 3. Bf4 d6 4. Nc3 Bg7 5. e4 c6 6. Qd2 Qa5 7. O-O-O b5 8. e5
b4 9. exf6 bxc3 10. Qxc3 Qf5 11. fxg7 Qxf4+ 12. Kb1 Rg8 13. d5 c5 14. Bb5+ Bd7
15. Nd4 Qf6 16. Rhe1 Bxb5 17. Nxb5 Qxc3 18. Nxc3 Kd7 19. Rd3 Rxg7 20. Rde3 f6
21. Nb5 a6 22. Na3 Ra7 23. Nc4 Rb7 24. a3 Kd8 25. f4 Rb5 26. c3 Rb7 27. Kc2 g5
28. Rg3 Nd7 29. h4 g4 30. h5 f5 31. h6 Rg6 32. Na5 Rc7 33. Nc6+ Rxc6 34. dxc6
Nb8 35. c7+ 1-0

[Event "V Open A Carnevale"]
[Site "Milano ITA"]
[Date "2014.03.06"]
[Round "2"]
[White "Battistella, Stefano"]
[Black "Motola, Jacopo"]
[WhiteElo "2063"]
[BlackElo "2062"]
[Result "1-0"]
[PlyCount "161"]
[EventDate "2014.03.05"]

1. c4 Nf6 2. Nf3 c5 3. Nc3 e6 4. g3 b6 5. Bg2 Bb7 6. O-O Be7 7. d4 cxd4 8. Qxd4
d6 9. Rd1 a6 10. b3 Nbd7 11. h3 O-O 12. e4 Qc7 13. Ba3 Nc5 14. Bxc5 dxc5 15.
Qe3 Nd7 16. e5 Rad8 17. Re1 h6 18. Rad1 Nb8 19. Ne4 Rxd1 20. Rxd1 Rd8 21. Rxd8+
Qxd8 22. Qf4 Nd7 23. Nfd2 Nf8 24. Qe3 Ba8 25. Kh2 Nd7 26. f4 Nb8 27. Nf3 Nc6
28. h4 Nd4 29. Ned2 Bc6 30. Nxd4 cxd4 31. Qd3 Be8 32. Be4 b5 33. Nf3 Bc5 34.
Kh3 Ba7 35. Bh7+ Kh8 36. Be4 Qb6 37. Nd2 Kg8 38. h5 Qa5 39. Nf3 Qc3 40. Qxc3
dxc3 41. cxb5 axb5 42. Ne1 Bc5 43. Nc2 b4 44. g4 Bb5 45. Kg3 Be2 46. Ne1 Kf8
47. Bd3 Bd1 48. Bc2 Be2 49. Nd3 Be7 50. Nc1 Bb5 51. Kf3 Ke8 52. Bd3 Bd7 53. Be4
Kd8 54. Ke2 Kc7 55. Kd1 Kb6 56. Ke2 Bc5 57. Bc2 Bc6 58. Nd3 Be7 59. Nc1 Kc5 60.
Ke3 Bb5 61. Nd3+ Kd5 62. Kf3 Kd4 63. Nf2 Bh4 64. Nd1 Bd3 65. Ne3 Bxc2 66. Nxc2+
Kd3 67. Nxb4+ Kd2 68. a4 c2 69. Na2 c1=Q 70. Nxc1 Kxc1 71. a5 Bd8 72. a6 Bb6
73. Ke4 Kd2 74. f5 Kc3 75. f6 gxf6 76. exf6 Kb4 77. g5 hxg5 78. a7 Bxa7 79. h6
g4 80. h7 g3 81. Kf3 1-0

[Event "V Open A Carnevale"]
[Site "Milano ITA"]
[Date "2014.03.06"]
[Round "2"]
[White "Darvishi, Mahmood"]
[Black "Vezzosi, Paolo"]
[WhiteElo "2057"]
[BlackElo "2277"]
[Result "0-1"]
[PlyCount "64"]
[EventDate "2014.03.05"]

1. d4 d5 2. c4 dxc4 3. e3 a6 4. a4 Nf6 5. Bxc4 Nc6 6. Qb3 e6 7. a5 Nd7 8. d5
Nc5 9. Qd1 Ne5 10. b3 exd5 11. Be2 Qf6 12. Ra2 Qg6 13. Nc3 Be6 14. Kf1 O-O-O
15. Rd2 c6 16. Rd4 Bf5 17. Rd2 Ne6 18. Na2 h5 19. Bb2 Bd6 20. b4 Nc7 21. Bd4
Nc4 22. Bxc4 dxc4 23. Bb6 c3 24. Nxc3 Bxb4 25. Nge2 Bd3 26. Qc1 Qe6 27. f3
Bxe2+ 28. Rxe2 Qc4 29. Bd4 Rxd4 30. exd4 Bxc3 31. Qc2 Re8 32. g3 Nb5 0-1

[Event "V Open A Carnevale"]
[Site "Milano ITA"]
[Date "2014.03.06"]
[Round "2"]
[White "Guidi, Giacomo G."]
[Black "Petrone, Gianmario"]
[WhiteElo "1999"]
[BlackElo "2006"]
[Result "1/2-1/2"]
[PlyCount "42"]
[EventDate "2014.03.05"]

1. e4 c5 2. Nc3 d6 3. g3 g6 4. Bg2 Bg7 5. f4 Nc6 6. Nge2 e6 7. O-O Nge7 8. g4
f5 9. Ng3 O-O 10. exf5 exf5 11. g5 Be6 12. b3 d5 13. Rb1 d4 14. Na4 b6 15. c4
dxc3 16. dxc3 Qxd1 17. Rxd1 Rad8 18. Bb2 Bd5 19. c4 Bxg2 20. Kxg2 Nd4 21. Kf2
Rfe8 1/2-1/2

[Event "V Open A Carnevale"]
[Site "Milano ITA"]
[Date "2014.03.06"]
[Round "2"]
[White "Iudicello, Giovanni"]
[Black "Pelizzola, Danilo"]
[WhiteElo "2132"]
[BlackElo "2121"]
[Result "1/2-1/2"]
[PlyCount "95"]
[EventDate "2014.03.05"]

1. e4 c5 2. Nf3 Nc6 3. d4 cxd4 4. Nxd4 Nf6 5. Nc3 e5 6. Ndb5 d6 7. Bg5 a6 8.
Na3 b5 9. Nd5 Be7 10. Bxf6 Bxf6 11. c3 O-O 12. Nc2 g6 13. Nxf6+ Qxf6 14. g3 Bb7
15. Bg2 Kh8 16. Qd2 Qe7 17. h4 Na5 18. h5 Nc4 19. Qc1 g5 20. g4 Bc8 21. b3 Na5
22. Ne3 Be6 23. Qd2 Rac8 24. c4 Nc6 25. cxb5 axb5 26. O-O Nd4 27. Rfc1 h6 28.
f3 Qb7 29. Nc2 Nxc2 30. Rxc2 Rxc2 31. Qxc2 Rc8 32. Qd3 Qb6+ 33. Kh2 Kg7 34. a4
bxa4 35. bxa4 Qb2 36. Qb1 Qf2 37. Qe1 Qa7 38. Qd2 Rc6 39. Ra3 Qa6 40. Kg3 Rc5
41. a5 Bc4 42. Qb4 Be2 43. Qd2 Bb5 44. Ra1 Kf6 45. Rd1 Ke7 46. Ra1 Kd7 47. Qa2
Ke7 48. Qd2 1/2-1/2